00702nam a2200241Ia 450000500170000000800410001702000150005804000360007304100080010910000330011724500830015025000120023326000370024530000180028265000200030065000200032065000240034065000160036465000170038065000160039770000220041376500250043520211108101837.0130821s1994 sp gr spa  a8476281439 aCo-BoUCMbspac[Nuevo]d[Nuevo] aspa1 aHeidegger, Martind1889-197610aConferencias y artículoscMartin Heidegger; Traducción de Eustaquio Barjau a1a. ed. aBarcelona (España)bOdosc1994 a246 páginas04aExistencialismo04aFenomenología04aFilosofía alemana04aFilosofía04aMetafísica04aOntología aBarjau, Eustaquio tVortrage und Aufsatz